[Event "Women's Speed Chess Q1"]
[Site "chess.com INT"]
[Date "2020.06.18"]
[Round "5"]
[White "Harika, Dronavalli"]
[Black "Dzagnidze, Nana"]
[Result "1-0"]
[WhiteTitle "GM"]
[BlackTitle "GM"]
[WhiteElo "2515"]
[BlackElo "2524"]
[WhiteFideId "5015197"]
[BlackFideId "13601903"]
[EventDate "2020.06.18"]

1. e4 c5 2. Nf3 Nc6 3. Bb5 e6 4. O-O Nge7 5. d4 cxd4 6. Nxd4 a6 7. Be2 Ng6 8. c4
Bc5 9. Nb3 Ba7 10. c5 O-O 11. Be3 b6 12. Nc3 bxc5 13. Bxc5 Bxc5 14. Nxc5 d6 15.
Nb3 Bb7 16. Qd2 Qb6 17. Rfd1 Rfd8 18. Rac1 a5 19. Nd4 Nce7 20. Ndb5 Rd7 21. Na4
Qd8 22. Nc5 dxc5 23. Qxd7 Qxd7 24. Rxd7 Bxe4 25. Rxc5 Bd5 26. Nc7 Rb8 27. Nxd5
Nxd5 28. b3 a4 29. Bf3 axb3 30. axb3 Ne5 31. Rb7 Nxf3+ 32. gxf3 Ra8 33. Kg2 g6
34. Kg3 g5 35. h4 h6 36. hxg5 hxg5 37. b4 Ra2 38. b5 1-0

[Event "Women's Speed Chess Q1"]
[Site "chess.com INT"]
[Date "2020.06.18"]
[Round "5"]
[White "Ushenina, Anna"]
[Black "Borisova, Ekaterina"]
[Result "1-0"]
[WhiteTitle "GM"]
[BlackTitle "FM"]
[WhiteElo "2416"]
[BlackElo "2283"]
[WhiteFideId "14110911"]
[BlackFideId "34124184"]
[EventDate "2020.06.18"]

1. d4 d6 2. Nf3 g6 3. e4 Bg4 4. Bc4 e6 5. O-O Bg7 6. c3 Ne7 7. Be3 O-O 8. Nbd2
Nd7 9. h3 Bxf3 10. Nxf3 c5 11. dxc5 Nxc5 12. e5 Nf5 13. Bg5 Qc7 14. g4 Ne4 15.
Be2 dxe5 16. gxf5 exf5 17. Bh4 Nc5 18. Qd5 Rad8 19. Bxd8 Rxd8 20. Qc4 Qe7 21.
Rad1 Rf8 22. Qh4 Qc7 23. Qc4 Qe7 24. Rd5 Ne4 25. Rfd1 Ng5 26. Rd7 Nxf3+ 27. Bxf3
Qg5+ 28. Bg2 e4 29. Rxb7 e3 30. fxe3 Qxe3+ 31. Kh1 Be5 32. Qh4 g5 33. Qe1 Qf4
34. Kg1 Qh2+ 35. Kf1 g4 36. Qe3 Bf4 37. Qg1 Qg3 38. Qf2 Qh2 39. hxg4 fxg4 40.
Rd4 Bg5 41. Rxg4 h6 42. Qg3 Qh5 43. Be4 Re8 44. Qf3 Rf8 45. Qg2 Kg7 46. Rb5 f6
47. Rb7+ Kh8 48. Rh7+ Kg8 49. Bf5 Rd8 50. Qf3 Qh2 51. Rd4 Rxd4 52. Qa8+ Rd8 53.
Qxd8# 1-0

[Event "Women's Speed Chess Q1"]
[Site "chess.com INT"]
[Date "2020.06.18"]
[Round "5"]
[White "Bulmaga, Irina"]
[Black "Mkrtchian, Lilit"]
[Result "1-0"]
[WhiteTitle "IM"]
[BlackTitle "IM"]
[WhiteElo "2440"]
[BlackElo "2388"]
[WhiteFideId "13903063"]
[BlackFideId "13300601"]
[EventDate "2020.06.18"]

1. e4 c5 2. Nf3 Nc6 3. d4 cxd4 4. Nxd4 e6 5. Nc3 d6 6. Be3 Nf6 7. f3 Be7 8. Qd2
O-O 9. O-O-O d5 10. exd5 Nxd5 11. Nxd5 Qxd5 12. c4 Qa5 13. Nxc6 Qxd2+ 14. Rxd2
bxc6 15. Bd3 e5 16. Be4 Be6 17. b3 Rfc8 18. g4 a5 19. c5 a4 20. b4 a3 21. b5
cxb5 22. Bxa8 Rxa8 23. Rhd1 f6 24. Kb1 Kf7 25. Rc2 b4 26. Rd3 f5 27. h3 e4 28.
fxe4 fxg4 29. hxg4 Bxg4 30. c6 Rc8 31. c7 Ke6 32. Bd4 g6 33. Bc5 Rxc7 34. Bxe7
Rxe7 35. Rd4 Rb7 36. Rd5 Bf3 37. Rc6+ Kf7 38. Rd4 Kg7 39. Rdc4 1-0

[Event "Women's Speed Chess Q1"]
[Site "chess.com INT"]
[Date "2020.06.18"]
[Round "5"]
[White "Rakshitta, Ravi"]
[Black "Smietanska, Wiktoria"]
[Result "0-1"]
[WhiteTitle "WIM"]
[BlackTitle "CM"]
[WhiteElo "2190"]
[BlackElo "1593"]
[WhiteFideId "25073230"]
[BlackFideId "21869359"]
[EventDate "2020.06.18"]

1. e4 c5 2. Nf3 g6 3. d4 cxd4 4. Nxd4 Nc6 5. Nc3 Bg7 6. Nb3 Nf6 7. Be2 d6 8. Be3
O-O 9. O-O a6 10. f4 b5 11. Bf3 Bb7 12. Nd5 Nxd5 13. exd5 Na7 14. c3 Nc8 15. Nd4
Nb6 16. Ne2 Nc4 17. Qc1 Nxe3 18. Qxe3 Qc7 19. Kh1 Rfe8 20. Nd4 Qc5 21. Qe4 e6
22. Nb3 Qc4 23. Na5 Qxe4 24. Bxe4 Bxd5 25. Bxd5 exd5 26. Rad1 Re2 27. Rxd5 Rxb2
28. Rxd6 Bxc3 29. Nc6 Re8 30. h3 Ree2 31. Rg1 Bd2 32. Nd4 Rf2 33. f5 gxf5 34.
Nf3 Bf4 35. Rd8+ Kg7 36. Nh4 Kf6 37. Rd5 Bg3 38. Rd4 f4 39. Rd6+ Ke5 40. Rh6
Bxh4 41. Rxh4 f3 42. Re1+ Rbe2 43. Rd1 Rxg2 44. Rh5+ f5 45. Rxh7 Rh2+ 46. Kg1
Reg2+ 47. Kf1 Rh1# 0-1

[Event "Women's Speed Chess Q1"]
[Site "chess.com INT"]
[Date "2020.06.18"]
[Round "5"]
[White "Sviridova, Vlada"]
[Black "Zhuravleva, Olga"]
[Result "0-1"]
[WhiteTitle "WFM"]
[BlackTitle "WIM"]
[WhiteElo "2144"]
[BlackElo "2278"]
[WhiteFideId "24109606"]
[BlackFideId "4145933"]
[EventDate "2020.06.18"]

1. d4 Nf6 2. c4 e6 3. Nf3 b6 4. g3 Bb7 5. Bg2 Bb4+ 6. Bd2 c5 7. O-O Bxd2 8. Qxd2
O-O 9. Nc3 d6 10. Rfd1 Nc6 11. d5 exd5 12. Nxd5 Nxd5 13. Qxd5 Qf6 14. Qxd6 Qxb2
15. Qc7 Na5 16. e3 Rac8 17. Qd7 h6 18. Nh4 Bxg2 19. Kxg2 Nxc4 20. Nf5 Rcd8 21.
Ne7+ Kh7 22. Qf5+ g6 23. Qf4 Kg7 24. Qxc4 Qf6 25. Nd5 Qc6 26. e4 Rfe8 27. Qc3+
f6 28. f3 Re5 29. a4 h5 30. h4 Qe6 31. Nf4 Qe7 32. Rxd8 Qxd8 33. Nd5 Kf7 34. Rd1
Qc8 35. Nf4 Kg7 36. Rd6 Qb8 37. Rd7+ Kh6 38. Nd5 g5 39. Rf7 gxh4 40. Rxf6+ Kh7
41. Rf7+ Kg8 42. Rf5 Rxf5 43. exf5 Qxg3+ 44. Kf1 h3 45. Nf6+ Kf7 46. Qc4+ Kxf6
47. Qe6+ Kg5 48. Qg6+ Kf4 49. Qxg3+ Kxg3 50. Kg1 c4 51. f6 c3 52. f7 h2+ 53. Kf1
h1=Q+ 54. Ke2 Qxf3+ 0-1

[Event "Women's Speed Chess Q1"]
[Site "chess.com INT"]
[Date "2020.06.18"]
[Round "5"]
[White "Salimova, Nurgyul"]
[Black "Tokhirjonova, Gulrukhbegim"]
[Result "1-0"]
[WhiteTitle "IM"]
[BlackTitle "WGM"]
[WhiteElo "2372"]
[BlackElo "2378"]
[WhiteFideId "2915138"]
[BlackFideId "14203626"]
[EventDate "2020.06.18"]

1. c4 e6 2. g3 d5 3. Bg2 Nf6 4. Nf3 dxc4 5. Qa4+ Bd7 6. Qxc4 Bc6 7. O-O Be7 8.
Qc2 O-O 9. d3 Nbd7 10. b3 e5 11. Bb2 Bd6 12. Nbd2 Qe7 13. Nc4 a5 14. a3 h6 15.
Rfd1 Rfe8 16. Nh4 Bxg2 17. Nxg2 Qe6 18. Rac1 Bf8 19. Nce3 c6 20. d4 exd4 21.
Rxd4 Nc5 22. Rc4 Nce4 23. Nf4 Qc8 24. b4 axb4 25. axb4 Bd6 26. Nh5 Qe6 27. Rxe4
Nxe4 28. Nxg7 Qg6 29. Nxe8 Rxe8 30. Kg2 Bxb4 31. Rd1 Bc5 32. Rd3 b6 33. Qc4 Qe6
34. Qxe6 Rxe6 35. Rd8+ Kh7 36. Rh8+ Kg6 37. Rg8+ Kh5 38. g4+ Kh4 39. Nf5# 1-0

[Event "Women's Speed Chess Q1"]
[Site "chess.com INT"]
[Date "2020.06.18"]
[Round "5"]
[White "Yakimova, Mariya"]
[Black "Berzina, Ilze"]
[Result "1-0"]
[WhiteTitle "WFM"]
[BlackTitle "WGM"]
[WhiteElo "2269"]
[BlackElo "2192"]
[WhiteFideId "34188859"]
[BlackFideId "11601345"]
[EventDate "2020.06.18"]

1. d4 d5 2. c4 c6 3. Nf3 Nf6 4. Nc3 dxc4 5. a4 Bf5 6. e3 e6 7. Bxc4 Bb4 8. O-O
O-O 9. Qe2 Nbd7 10. Rd1 Qe7 11. a5 b6 12. axb6 axb6 13. Bd2 b5 14. Bd3 Bxd3 15.
Qxd3 Nb6 16. b3 Rxa1 17. Rxa1 Ra8 18. Rxa8+ Nxa8 19. Ne5 Qd6 20. h3 Nb6 21. Ne4
Nxe4 22. Bxb4 Qxb4 23. Qxe4 Nd5 24. Qf3 f6 25. Nxc6 Qxb3 26. Qe4 Nc3 27. Ne7+
Kf8 28. Qxh7 Kxe7 29. Qxg7+ Kd6 30. Qf8+ Kd5 31. Qd8+ Kc4 32. Qxf6 Kd3 33. h4
Ne2+ 34. Kh2 Qd1 35. Qf3 b4 36. h5 b3 37. e4+ Kxd4 38. Qe3+ Ke5 39. Qg5+ Kd4 40.
Qd8+ Kxe4 41. Qxd1 1-0

[Event "Women's Speed Chess Q1"]
[Site "chess.com INT"]
[Date "2020.06.18"]
[Round "5"]
[White "Khotenashvili, Bela"]
[Black "Daulyte-Cornette, Deimante"]
[Result "1-0"]
[WhiteTitle "GM"]
[BlackTitle "IM"]
[WhiteElo "2458"]
[BlackElo "2400"]
[WhiteFideId "13602640"]
[BlackFideId "12802859"]
[EventDate "2020.06.18"]

1. d4 Nf6 2. c4 b6 3. Bg5 Bb7 4. Nc3 e6 5. e3 h6 6. Bh4 Be7 7. Nf3 O-O 8. Qc2 d6
9. Be2 Nbd7 10. O-O Nh5 11. Bxe7 Qxe7 12. Rfd1 f5 13. d5 e5 14. Nxe5 Qxe5 15.
Bxh5 f4 16. Bg4 fxe3 17. Bxd7 Rxf2 18. Qe4 Qg5 19. Qg4 Qxg4 20. Bxg4 Rxb2 21.
Re1 Ba6 22. Rxe3 Bxc4 23. Be6+ Kh8 24. Rf3 c6 25. a4 cxd5 26. Bxd5 Bxd5 27. Nxd5
Rc8 28. Rf2 Rcc2 29. Rxc2 Rxc2 30. Ne3 Re2 31. Nf5 d5 32. Rd1 Re4 33. a5 bxa5
34. Rxd5 a4 35. Ra5 Kh7 36. Kf2 Kg6 37. Ne3 Rb4 38. Rxa7 h5 39. Ra5 Kh6 40. Kf3
g6 41. g3 Rd4 42. h4 Rb4 43. Ra7 Rd4 44. Ke2 Rb4 45. Kf2 Rd4 46. Kf3 Rb4 47. Nd5
Rd4 48. Nf6 Rd3+ 49. Ke4 Rxg3 50. Rh7# 1-0

[Event "Women's Speed Chess Q1"]
[Site "chess.com INT"]
[Date "2020.06.18"]
[Round "5"]
[White "Shukhman, Anna"]
[Black "Selkirk, Rebecca"]
[Result "0-1"]
[WhiteTitle "WCM"]
[BlackTitle "WCM"]
[WhiteElo "1866"]
[BlackElo "1799"]
[WhiteFideId "54180058"]
[BlackFideId "14306514"]
[EventDate "2020.06.18"]

1. e4 c5 2. Nf3 e6 3. d4 cxd4 4. Nxd4 a6 5. Bd3 Nc6 6. Be3 Qc7 7. O-O b5 8. a4
b4 9. c3 Nf6 10. Qc2 Bb7 11. Nd2 bxc3 12. Qxc3 Bb4 13. Qc2 Rc8 14. Rac1 O-O 15.
N2f3 Bd6 16. Qe2 Bf4 17. Rfd1 Nxd4 18. Nxd4 Qe5 19. Nf3 Qb8 20. g3 Bxe3 21. Qxe3
d5 22. exd5 Nxd5 23. Qe4 Nf6 24. Qe2 Qa8 25. Ne5 a5 26. Bb5 Rfd8 27. Qe3 Nd5 28.
Qf3 f6 29. Ng4 Nb4 30. Qe3 Rxd1+ 31. Rxd1 e5 32. Qb3+ Bd5 33. Qe3 Bh1 34. f3
Bxf3 35. Rf1 Bxg4 36. Qb3+ Kh8 37. Qf7 Bh3 38. Bc6 Qxc6 39. Rf2 Qc1+ 40. Rf1
Qxf1# 0-1

[Event "Women's Speed Chess Q1"]
[Site "chess.com INT"]
[Date "2020.06.18"]
[Round "5"]
[White "Socko, Monika"]
[Black "Mahdian, Anousha"]
[Result "0-1"]
[WhiteTitle "GM"]
[BlackTitle "WFM"]
[WhiteElo "2428"]
[BlackElo "2212"]
[WhiteFideId "1106619"]
[BlackFideId "12571490"]
[EventDate "2020.06.18"]

1. d4 d5 2. c4 c6 3. Nf3 Nf6 4. Nbd2 a6 5. g3 g6 6. Bg2 Bg7 7. O-O O-O 8. b3 Ne4
9. Bb2 Bf5 10. Nh4 Nxd2 11. Qxd2 Be6 12. Rac1 a5 13. a4 Qb6 14. Qc3 Na6 15. Nf3
Rfd8 16. Rfd1 c5 17. Rd2 dxc4 18. bxc4 Rac8 19. Qe3 cxd4 20. Bxd4 Bxd4 21. Nxd4
Bxc4 22. h4 Nb4 23. Nf5 Qxe3 24. Rxd8+ Rxd8 25. Nxe3 Bb3 26. Rc7 Bxa4 27. Bxb7
Rd7 28. Rc8+ Kg7 29. Be4 Rd2 30. Bf3 Bd7 31. Ra8 a4 32. Nc4 Rd1+ 33. Kg2 Bb5 34.
Nb6 Ra1 35. Ra5 Be8 36. Nc4 Bc6 37. e4 Nc2 38. h5 Ne1+ 39. Kh3 Nxf3 40. Kg4 Nh2+
41. Kf4 Ra2 42. f3 Rf2 43. Ne5 Be8 44. Ra8 f6 45. Rxe8 fxe5+ 46. Kxe5 Nxf3+ 47.
Ke6 Ng5+ 48. Kxe7 Rf7+ 49. Kd8 Ra7 50. Re5 a3 51. Rxg5 a2 52. h6+ Kxh6 53. Rg4
a1=Q 54. Rh4+ Kg7 0-1

[Event "Women's Speed Chess Q1"]
[Site "chess.com INT"]
[Date "2020.06.18"]
[Round "5"]
[White "Skuhala, Barbara"]
[Black "Solozhenkina, Elizaveta"]
[Result "1/2-1/2"]
[WhiteTitle "WFM"]
[BlackTitle "WIM"]
[WhiteElo "2095"]
[BlackElo "2301"]
[WhiteFideId "14605465"]
[BlackFideId "34106615"]
[EventDate "2020.06.18"]

1. e4 c5 2. Nf3 d6 3. d4 cxd4 4. Nxd4 Nf6 5. Nc3 a6 6. f3 e5 7. Nb3 Be7 8. Be3
Be6 9. Qd2 O-O 10. O-O-O Nbd7 11. g4 b5 12. h4 Nb6 13. g5 Nh5 14. Kb1 b4 15. Nd5
Bxd5 16. exd5 Ng3 17. Rg1 Nxf1 18. Rdxf1 Nc4 19. Qd3 Nxe3 20. Qxe3 a5 21. h5 a4
22. Nc1 Qc7 23. f4 exf4 24. Rxf4 Ra5 25. Qd4 Rc8 26. Rf2 Qc5 27. Qf4 Qxd5 28. g6
fxg6 29. hxg6 h6 30. Qg4 Raa8 31. Rf7 Bf6 32. Rxf6 gxf6 33. Qd7 Kf8 34. Qh7 Qg8
35. Qd7 Qg7 36. Qxd6+ Kg8 37. Qe6+ Kh8 38. Qf5 b3 39. cxb3 axb3 40. Nxb3 Qa7 41.
g7+ Kg8 42. Qe6+ Qf7 43. Qe3 Qa7 44. Qe6+ Qf7 45. Qe3 Qa7 46. Qe6+ 1/2-1/2

[Event "Women's Speed Chess Q1"]
[Site "chess.com INT"]
[Date "2020.06.18"]
[Round "5"]
[White "Sliwicka, Alicja"]
[Black "Mamedjarova, Turkan"]
[Result "0-1"]
[WhiteTitle "WIM"]
[BlackTitle "WGM"]
[WhiteElo "2317"]
[BlackElo "2309"]
[WhiteFideId "1150677"]
[BlackFideId "13402005"]
[EventDate "2020.06.18"]

1. e4 e5 2. Nf3 Nc6 3. Nc3 Nf6 4. a3 a6 5. d4 exd4 6. Nxd4 Nxd4 7. Qxd4 d6 8.
Bg5 Be7 9. O-O-O O-O 10. e5 Ne8 11. Bxe7 Qxe7 12. f4 dxe5 13. fxe5 c6 14. Bd3
Be6 15. Kb1 Nc7 16. Qe4 g6 17. Qe1 Nd5 18. Ne4 Bg4 19. c4 Bxd1 20. cxd5 Qxe5 21.
Qxd1 cxd5 22. Nd2 Rfe8 23. Nf3 Qe3 24. h4 Re6 25. h5 Rc8 26. hxg6 hxg6 27. Qb3
Qc5 28. Ng5 Rb6 29. Qc2 Qxc2+ 30. Bxc2 Rc3 31. Ba4 Rxa3 32. Be8 Kf8 33. Bxf7 Rg3
34. Ne6+ Ke7 35. Rh7 Rxe6 36. Bxe6+ Kxe6 37. Rxb7 Rxg2 38. Rb6+ Kd7 39. Rxa6 g5
40. Rg6 g4 41. b4 g3 42. b5 Kc7 43. Rg5 d4 44. Rd5 Rg1+ 45. Kb2 g2 46. Rg5 d3
47. Rg7+ Kb6 48. Rg6+ Kxb5 49. Rg5+ Kc4 50. Rg4+ Kd5 51. Rg3 Ke4 52. Rg4+ Kf3
53. Rg8 d2 54. Rf8+ Ke4 55. Re8+ Kf5 56. Rf8+ Ke6 57. Rg8 Kf7 58. Rd8 d1=Q 0-1

[Event "Women's Speed Chess Q1"]
[Site "chess.com INT"]
[Date "2020.06.18"]
[Round "5"]
[White "Tsukerman, Julia"]
[Black "Fominykh, Maria"]
[Result "1/2-1/2"]
[WhiteTitle "WCM"]
[BlackTitle "WGM"]
[WhiteElo "1523"]
[BlackElo "2206"]
[WhiteFideId "2621649"]
[BlackFideId "4142411"]
[EventDate "2020.06.18"]

1. e4 e6 2. d4 d5 3. exd5 exd5 4. Bd3 Bd6 5. h3 Ne7 6. Nf3 Bf5 7. c3 O-O 8. O-O
Nd7 9. Re1 Bxd3 10. Qxd3 f6 11. Nbd2 Ng6 12. g3 c6 13. Nf1 Re8 14. Bd2 Qc7 15.
Kg2 Ndf8 16. Ne3 Re4 17. Nf5 Rae8 18. Nxd6 Qxd6 19. Re3 Rxe3 20. Bxe3 Ne6 21.
Re1 Re7 22. Bd2 Nef8 23. Rxe7 Qxe7 24. Qe3 Kf7 25. Kf1 Nd7 26. Ke2 Nb6 27. Kd3
Nc4 28. Qxe7+ Kxe7 29. Bc1 Ke6 30. b3 Nd6 31. c4 Ne4 32. Be3 Ne7 33. cxd5+ cxd5
34. Nd2 Nd6 35. Nb1 Nc6 36. a3 Na5 37. Kc3 Ne4+ 38. Kb4 Nc6+ 39. Ka4 g5 40. b4
Nd6 41. Nd2 Nf5 42. Nb3 Kd6 43. b5 Nd8 44. Kb4 b6 45. Kc3 Nxe3 46. fxe3 Nf7 47.
Kd3 h5 48. a4 Nh6 49. Ke2 Nf5 50. Kf3 Ne7 51. g4 hxg4+ 52. hxg4 Ng6 53. Nd2 Nh4+ 1/2-1/2

[Event "Women's Speed Chess Q1"]
[Site "chess.com INT"]
[Date "2020.06.18"]
[Round "5"]
[White "Kazarian, Anna-Maja"]
[Black "Mammadova, Gulnar"]
[Result "0-1"]
[WhiteTitle "FM"]
[BlackTitle "IM"]
[WhiteElo "2096"]
[BlackElo "2382"]
[WhiteFideId "1033689"]
[BlackFideId "13403508"]
[EventDate "2020.06.18"]

1. e4 e6 2. d4 d5 3. exd5 exd5 4. c4 Bb4+ 5. Nc3 Nf6 6. Bd3 O-O 7. Ne2 Nc6 8.
O-O dxc4 9. Bxc4 Bg4 10. f3 Bh5 11. Be3 Re8 12. Bf2 Bg6 13. Nf4 Qd6 14. Nxg6
hxg6 15. Qb3 Na5 16. Bxf7+ Kf8 17. Qa4 Kxf7 18. Nb5 Qe7 19. a3 a6 20. axb4 axb5
21. Qxb5 c6 22. Qd3 Qxb4 23. Be1 Qc4 24. Qa3 Qxd4+ 25. Bf2 Qd8 26. Qa2+ Qd5 27.
Qa4 b5 28. Qb4 Nc4 29. Rad1 Qf5 30. b3 Ne5 31. Qc5 Rad8 32. Qb6 Rxd1 33. Rxd1
Kg8 34. Qc7 Nd3 35. Bg3 Qc5+ 36. Kh1 Nf2+ 37. Bxf2 Qxf2 38. h3 Re1+ 39. Rxe1
Qxe1+ 40. Kh2 Qe6 41. Qd8+ Kh7 42. Qd4 Qd5 43. Qh4+ Kg8 44. b4 Qe5+ 45. Kh1 g5
46. Qf2 Nd5 47. Qd2 Qf4 48. Qd3 Qxb4 49. Qg6 Qe1+ 50. Kh2 Qe5+ 51. Kh1 Nf4 52.
Qxc6 Qe1+ 53. Kh2 Qe2 54. Qc8+ Kh7 55. Qf5+ Kh6 56. Qg4 b4 0-1

[Event "Women's Speed Chess Q1"]
[Site "chess.com INT"]
[Date "2020.06.18"]
[Round "5"]
[White "Vaishali, R"]
[Black "Zhao, Xue"]
[Result "1-0"]
[WhiteTitle "WGM"]
[BlackTitle "GM"]
[WhiteElo "2393"]
[BlackElo "2486"]
[WhiteFideId "5091756"]
[BlackFideId "8601283"]
[EventDate "2020.06.18"]

1. e4 e5 2. Nf3 Nc6 3. Bb5 a6 4. Ba4 Nf6 5. d3 Bc5 6. Nc3 d6 7. a3 Bg4 8. h3
Bxf3 9. Bxc6+ bxc6 10. Qxf3 h6 11. O-O O-O 12. Ne2 Kh7 13. Ng3 g6 14. Be3 Bxe3
15. Qxe3 Qe7 16. f4 exf4 17. Qxf4 Kg7 18. Rf2 Qe5 19. Qe3 Qxb2 20. Raf1 Nd7 21.
d4 c5 22. c3 Qb3 23. d5 Rae8 24. Nh5+ gxh5 25. Qg3+ Kh8 26. Rxf7 Rxf7 27. Rxf7
Rg8 28. Qf4 Rg6 29. Rxd7 Qb8 30. Qf7 Qg8 31. Qxg8+ Kxg8 32. Rxc7 Rg3 33. Rc6
Rxc3 34. Rxd6 Rxa3 35. e5 Rd3 36. e6 Kf8 37. Rd7 c4 38. Kf2 c3 39. d6 c2 40.
Rf7+ Ke8 41. d7+ Kd8 42. Rf8+ Ke7 43. Re8+ 1-0

[Event "Women's Speed Chess Q1"]
[Site "chess.com INT"]
[Date "2020.06.18"]
[Round "5"]
[White "Shpanko, Nadiia"]
[Black "Buksa, Nataliya"]
[Result "1-0"]
[WhiteTitle "WIM"]
[BlackTitle "IM"]
[WhiteElo "2235"]
[BlackElo "2410"]
[WhiteFideId "14132400"]
[BlackFideId "14123622"]
[EventDate "2020.06.18"]

1. d4 d5 2. Nf3 e6 3. c4 Nf6 4. Nc3 Nbd7 5. cxd5 exd5 6. Bg5 c6 7. e3 Be7 8. Bd3
h6 9. Bh4 g5 10. Bg3 Nh5 11. Ne5 Nxg3 12. hxg3 Nxe5 13. dxe5 Bb4 14. Qb3 Qe7 15.
a3 Ba5 16. f4 Bb6 17. Kd2 gxf4 18. gxf4 Bd7 19. Rae1 O-O-O 20. Kc1 Rdg8 21. Qc2
Rg3 22. Nxd5 Qd8 23. Nxb6+ Qxb6 24. Bf5 Rd8 25. Rh3 Rxh3 26. gxh3 Kc7 27. e4
Bxf5 28. exf5 Qd4 29. Qe4 Qc5+ 30. Kb1 Rd4 31. Qf3 Rd2 32. Qb3 Qf2 33. Rc1 Qxf4
34. Qxf7+ Rd7 35. Qf6 Qe4+ 36. Ka1 Qe3 37. Rb1 Rd3 38. Qe7+ Rd7 39. Qf6 Rd3 40.
Ka2 Rd5 41. e6 Re5 42. Qf7+ Kb6 43. Rd1 Qe4 44. Ka1 Qc4 45. Qd7 Re2 46. e7 Qb3
47. Rb1 1-0

[Event "Women's Speed Chess Q1"]
[Site "chess.com INT"]
[Date "2020.06.18"]
[Round "5"]
[White "Mammadzada, Gunay"]
[Black "Eswaran, Ashritha"]
[Result "0-1"]
[WhiteTitle "IM"]
[BlackTitle "WIM"]
[WhiteElo "2443"]
[BlackElo "2244"]
[WhiteFideId "13403729"]
[BlackFideId "2080788"]
[EventDate "2020.06.18"]

1. e4 c5 2. Nf3 a6 3. c4 e6 4. Nc3 d6 5. d4 cxd4 6. Nxd4 Be7 7. g3 b6 8. Bg2 Bb7
9. O-O Qc7 10. Be3 Nf6 11. Rc1 Nbd7 12. Qe2 O-O 13. g4 Rfd8 14. g5 Ne8 15. f4 g6
16. b4 Rac8 17. Qg4 Nf8 18. Qg3 Qxc4 19. Nd5 Bxd5 20. exd5 Qxb4 21. Nc6 Rxc6 22.
dxc6 d5 23. Rb1 Qa5 24. Rfc1 d4 25. c7 Rc8 26. Bxd4 Rxc7 27. Rxc7 Nxc7 28. Bxb6
Bc5+ 29. Bxc5 Qxc5+ 30. Qf2 Qc4 31. Qd2 Nb5 32. Rc1 Qa4 33. h3 Nd4 34. Kh2 e5
35. fxe5 Nfe6 36. Rf1 Qb5 37. h4 Qxe5+ 38. Kh1 Kg7 39. Qf2 Nf5 40. Re1 Qc3 41.
Kg1 Nf4 42. Rf1 Nh3+ 43. Bxh3 Qxh3 44. Qb2+ Kg8 45. Rc1 Qe3+ 46. Kh1 Qf3+ 47.
Kg1 Qe3+ 48. Kh1 Qf3+ 49. Qg2 Qe3 50. Rc8+ Kg7 51. Qb2+ Nd4 52. Rd8 Qf3+ 0-1

[Event "Women's Speed Chess Q1"]
[Site "chess.com INT"]
[Date "2020.06.18"]
[Round "5"]
[White "Voit, Daria"]
[Black "Tania, Sachdev"]
[Result "1/2-1/2"]
[WhiteTitle "WGM"]
[BlackTitle "IM"]
[WhiteElo "2343"]
[BlackElo "2392"]
[WhiteFideId "4182146"]
[BlackFideId "5007844"]
[EventDate "2020.06.18"]

1. d4 Nf6 2. Nf3 e6 3. c4 b6 4. g3 Bb7 5. Bg2 Be7 6. Qc2 O-O 7. Nc3 d6 8. O-O
Nbd7 9. e4 e5 10. h3 exd4 11. Nxd4 Re8 12. Be3 Bf8 13. Rfe1 Nc5 14. f3 a5 15. b3
g6 16. Rad1 Bg7 17. Bf2 Qc8 18. f4 Ne6 19. Nxe6 fxe6 20. g4 Rf8 21. Bh4 Nd7 22.
Rf1 Nc5 23. Nb5 Rf7 24. Bg3 Qf8 25. a3 Bh6 26. b4 axb4 27. axb4 Na6 28. f5 gxf5
29. exf5 Bxg2 30. Qxg2 exf5 31. Rxf5 Rxf5 32. gxf5 Kh8 33. Rf1 Nxb4 34. Nxc7 Ra2
35. Qf3 Nc6 36. f6 Ne5 37. Bxe5 dxe5 38. f7 Bf4 39. Ne6 Qxf7 40. Nxf4 exf4 41.
Qxf4 Qg6+ 42. Qg4 Qxg4+ 43. hxg4 Rc2 44. Rf6 Rxc4 45. Rxb6 Rxg4+ 46. Kh2 Kg7 47.
Kh3 Rg6 48. Rb7+ Kh6 49. Kh4 Rd6 50. Rb4 Kg6 51. Rc4 h5 52. Rb4 Re6 53. Rc4 Kh6
54. Rb4 Rd6 55. Rc4 Rf6 56. Rb4 Rg6 57. Rc4 Rg4+ 58. Rxg4 hxg4 59. Kxg4 1/2-1/2

[Event "Women's Speed Chess Q1"]
[Site "chess.com INT"]
[Date "2020.06.18"]
[Round "5"]
[White "Arabidze, Meri"]
[Black "Bodnaruk, Anastasia"]
[Result "0-1"]
[WhiteTitle "IM"]
[BlackTitle "IM"]
[WhiteElo "2428"]
[BlackElo "2411"]
[WhiteFideId "13604040"]
[BlackFideId "4181751"]
[EventDate "2020.06.18"]

1. d4 Nf6 2. c4 g6 3. Nf3 Bg7 4. g3 O-O 5. Bg2 d6 6. O-O Nc6 7. Nc3 a6 8. Bf4
Rb8 9. Rc1 h6 10. h3 g5 11. Bd2 e5 12. d5 Ne7 13. e4 c5 14. a4 Ne8 15. Nh2 f5
16. exf5 Nxf5 17. Ng4 Nd4 18. f4 gxf4 19. gxf4 h5 20. Nh2 exf4 21. Qxh5 Rf5 22.
Qd1 Qh4 23. Qg4 Qxg4 24. hxg4 Rf7 25. Rxf4 Bd7 26. Rxf7 Kxf7 27. Rf1+ Kg8 28. g5
b5 29. axb5 axb5 30. cxb5 Nc7 31. Ne4 Ncxb5 32. Nf6+ Bxf6 33. gxf6 Kf7 34. Be4
Ne2+ 35. Kf2 Nbd4 36. Ke3 Rb3+ 37. Kf2 Rxb2 38. Ke3 Ng3 39. Rf4 Rb3+ 40. Kf2
Nxe4+ 41. Rxe4 Kxf6 42. Bf4 Rb2+ 43. Kf1 Kf5 44. Re7 Bb5+ 45. Ke1 Kxf4 46. Rf7+
Ke4 47. Ng4 Kxd5 48. Ne3+ Ke4 49. Re7+ Kd3 50. Nd5 Rb1+ 51. Kf2 Rb2+ 52. Kg3
Nf5+ 0-1

[Event "Women's Speed Chess Q1"]
[Site "chess.com INT"]
[Date "2020.06.18"]
[Round "5"]
[White "Hng, Mei-En Emmanuelle"]
[Black "Jakubowska, Anna"]
[Result "0-1"]
[WhiteTitle "WFM"]
[BlackTitle "WIM"]
[WhiteElo "2029"]
[BlackElo "2073"]
[WhiteFideId "5804566"]
[BlackFideId "1121952"]
[EventDate "2020.06.18"]

1. e4 c6 2. d4 d5 3. e5 Bf5 4. h4 h6 5. g4 Bg6 6. e6 fxe6 7. Bd3 Bf7 8. Nf3 Nf6
9. Rg1 Nbd7 10. Bf4 Qa5+ 11. Nbd2 O-O-O 12. Qe2 g6 13. Ne5 Be8 14. Nxg6 Rg8 15.
Ne5 Bg7 16. a3 Qb6 17. Nb3 Nxe5 18. Bxe5 Ne4 19. Bxg7 Rxg7 20. Bxe4 dxe4 21.
Qxe4 Rd6 22. O-O-O Bg6 23. Qe5 Rg8 24. h5 Bf7 25. f4 Rd5 26. Qe3 Rgd8 27. Kb1 a5
28. Nc5 Qb5 29. Rd3 e5 30. fxe5 Bg8 31. e6 Bh7 32. Rd2 b6 33. Nb3 a4 34. Nc1 Qc4
35. Qxh6 Rxd4 36. Rf2 Bg8 37. Nd3 R4d6 38. Nf4 Rd2 39. Rxd2 Rxd2 40. Rc1 Rd8 41.
Qg7 Qxf4 42. h6 Qe4 43. Qxe7 Bh7 44. Qf6 Qxg4 45. e7 Re8 46. Qxc6+ Kb8 47. Qxe8+
Kb7 48. Qd8 Bg6 49. e8=Q Bxe8 50. Qxe8 Qg5 51. Qe7+ Qxe7 52. Rh1 Qh7 53. Kc1 Kc6
54. b3 Kd5 55. bxa4 Ke4 56. Kb2 Kf5 57. Kc3 Kg6 58. Kb4 Qe7+ 59. Kb3 Kh7 60. Rh3
Qe6+ 0-1